Espacio, lugar y tiempo: la reapropiación social de la naturaleza y la construcción local de la racionalidad ambiental /
Señala que el discurso del desarrollo sustentable esta siendo asimilado por la racionalidad económica y por las políticas de capitalización de la naturaleza, pero los principios de la sustentabilidad se están arraigando en el ámbito local a través de la construcción de nuevas racionalidades producti...
Guardado en:
| Autor principal: | |
|---|---|
| Formato: | Texto |
| Materias: | |
| Etiquetas: |
Agregar Etiqueta
Sin Etiquetas, Sea el primero en etiquetar este registro!
|
MARC
| LEADER | 00000 a a2200000 04500 | ||
|---|---|---|---|
| 001 | 10653 | ||
| 003 | |||
| 040 | |||
| 100 | |a Leff, Enrique | ||
| 245 | |a Espacio, lugar y tiempo: |b la reapropiación social de la naturaleza y la construcción local de la racionalidad ambiental / |c Enrique Leff | ||
| 520 | |a Señala que el discurso del desarrollo sustentable esta siendo asimilado por la racionalidad económica y por las políticas de capitalización de la naturaleza, pero los principios de la sustentabilidad se están arraigando en el ámbito local a través de la construcción de nuevas racionalidades productivas, sustentadas en valores y significados culturales, en las potencialidades económicas de la naturaleza, y en la apropiación social de la ciencia y la tecnología. Mientras la globalización promueve la distribución espacial de su lógica autocentrada, penetrando cada territorio, cada ecosistema, cada cultura y cada individuo, las políticas de la localidad están construyendo una globalidad alternativa desde la especificidad de los ecosistemas, la diversidad cultural y la autonomía de las poblaciones locales, basadas en una racionalidad ambiental. Fuente/MSD | ||
| 650 | |a ECODESARROLLO | ||
| 650 | |a DESARROLLO SOSTENIBLE | ||
| 650 | |a MEDIO AMBIENTE | ||
| 650 | |a RECURSOS NATURALES | ||
| 650 | |a COMUNIDADES | ||
| 650 | |a PLANO LOCAL | ||
| 650 | |a CAMBIO CULTURAL | ||
| 650 | |a GLOBALIZACION | ||
| 650 | |a CULTURA | ||
| 773 | |g número 175; páginas 28-42 | ||
| 999 | |c 22787 |d 22787 | ||
